Be your own company secretary

Bibliographic Details
Main Author: Scrine, A.J
Format: Book
Published: Great Britain : Kogan Page Limited , 1987
Subjects:

MARC

LEADER 00000cam a2200000 7i4500
001 0000006013
002 000006500
005 20080215.0
020 |a 1850912920 
090 0 0 |a 651.3   |b SCP 
100 1 |a Scrine, A.J 
245 1 0 |a Be your own company secretary   |c A.J.Scrine 
260 |a Great Britain :   |b Kogan Page Limited ,   |c 1987 
300 |a 111p. ;   |c 21cm. 
650 0 0 |a Office practice   |x Handbooks,manuals,etc 
650 0 0 |a Private companies   |z Great Britain 
650 0 0 |a Secretaries   |x Handbook,manuals,ect 
999 |a 037840   |b BUKU   |c PINJAMAN   |e PERPUSTAKAAN KOMUNITI PETALING JAYA